Acuerdos tomados en la Reunión Nacional para el Fomento y Desregulación de la Vivienda : Diario oficial de la federación, Fomento a la vivienda 1992 / (Registro nro. 115839)

Detalles MARC
000 -LEADER
fixed length control field 00686cam a2200181 4500
008 - FIXED-LENGTH DATA ELEMENTS--GENERAL INFORMATION
fixed length control field 1992 spa
050 #4 - LIBRARY OF CONGRESS CALL NUMBER
Classification number HD7287
Item number A3 1992
245 #0 - TITLE STATEMENT
Title Acuerdos tomados en la Reunión Nacional para el Fomento y Desregulación de la Vivienda : Diario oficial de la federación, Fomento a la vivienda 1992 /
Statement of responsibility, etc Gobierno del Estado de Michoacán, SEDESOL.
260 ## - PUBLICATION, DISTRIBUTION, ETC. (IMPRINT)
Place of publication, distribution, etc México :
Name of publisher, distributor, etc SEDESOL - Michoacán,
Date of publication, distribution, etc 1992
300 ## - PHYSICAL DESCRIPTION
Extent p.v.
650 #4 - SUBJECT ADDED ENTRY--TOPICAL TERM
Topical term or geographic name as entry element Propiedad privada
650 #4 - SUBJECT ADDED ENTRY--TOPICAL TERM
Topical term or geographic name as entry element Trabajo y trabajadores
650 #4 - SUBJECT ADDED ENTRY--TOPICAL TERM
Topical term or geographic name as entry element Alojamiento
General subdivision Arquitectura habitacional
700 1# - ADDED ENTRY--PERSONAL NAME
Personal name Gobierno del Estado de Michoacán
942 ## - ADDED ENTRY ELEMENTS (KOHA)
Source of classification or shelving scheme Biblioteca del Cogreso de los Estados Unidos
Koha item type Libro

No hay ítems disponibles.